000 00559cam a2200145 4500500
005 20260208002336.0
041 _afre
042 _adc
100 1 0 _aSalzbrunn, Monika
_eauthor
245 0 0 _aPaul Stoller, Money Has no Smell. The Africanization of New York City, Chicago, The University of Chicago Press, 2002, xi + 222 p., bibl., index, ill.
260 _c2005.
500 _a48
786 0 _nL'Homme | 173 | 1 | 2005-01-01 | p. 199n-283n | 0439-4216
856 4 1 _uhttps://shs.cairn.info/revue-l-homme-2005-1-page-199n?lang=fr&redirect-ssocas=7080
999 _c1645926
_d1645926